000 00521nam a2200181Ia 4500
005 20250326141118.0
008 250326s9999 xx 000 0 und d
037 _aTextbook
040 _aFMSL
_beng
_cFMSL
041 _aeng
_2eng
084 _qFMSL
100 _aMurphy R R, Ed.
_9743734
245 0 _aIndividual differences and behavior in organization
_cMurphy R R, Ed.
260 _aSan Francisco
_bSan Francisco, Jossey-Bass Publication
_c1996
300 _a632p
942 _cTB
999 _c1288752
_d1288752